000 01557nam a2200253 a 4500
005 20160811150636.0
008 141015s2007 ck ad gr 00010 spa d
020 _a9789589810484
040 _aCO-BoBLA
_cCO-BoBLA
_dCO-BoIAVH
041 0 _aspa
044 _ack
082 0 4 _a333.72
_bI62
245 0 0 _aConsolidación del Sistema de Información Ambiental Territorial del Pacífico colombiano SIAT-PC :
_bidentificación y caracterización de actores, procesos de gestión de información, memorias de los talleres regionales /
_cedición y compilación Leonardo José Arias Alemán, Paula Cristina Sierra Correa.
260 _aCali :
_bInstituto de Investigaciones Marinas y Costeras "José Benito Vives de Andreis" - INVEMAR :
_bInstituto de Investigaciones Ambientales del Pacífico :
_cMinisterio de Ambiente Vivienda y Desarrollo Territorial,
_c2007.
300 _a77, [29] páginas :
_bilustraciones y gráficos ;
_c27 x 21 cm.
504 _aIncluye referencias bibliográficas: página 75.
610 2 4 _aSistema de Información Ambiental Territorial del Pacífico Colombiano
_xActividades
610 2 4 _aSistema de Información Ambiental Territorial del Pacífico Colombiano
_xHistoria
610 2 6 _aSistema de Información Ambiental Territorial del Pacífico Colombiano
_xTalleres
650 2 6 _aSistemas de información ambiental
_zPacífico (Región, Colombia)
700 1 _aArias Alemán, Leonardo José
_ecompilador
700 1 _aSierra-Correa, Paula Cristina
_ecompiladora
942 _2ddc
_cLIBRO
999 _c6511
_d6511